[Event "Corus-B"]
[Site "Wijk aan Zee"]
[Date "2006.01.21"]
[Round "7"]
[White "Almasi, Zoltan"]
[Black "Naiditsch, Arkadij"]
[Result "1-0"]
[WhiteElo "2646"]
[BlackElo "2657"]
[Annotator "Ftacnik,L"]
[PlyCount "125"]
[EventDate "2006.01.14"]
[EventType "tourn"]
[EventRounds "13"]
[EventCountry "NED"]
[EventCategory "15"]
[SourceTitle "CBM 111"]
[Source "ChessBase"]
[SourceDate "2006.04.04"]
[SourceVersion "1"]
[SourceVersionDate "2006.04.04"]
[SourceQuality "1"]

1. e4 c5 2. Nf3 d6 3. d4 cxd4 4. Nxd4 Nf6 5. Nc3 a6 6. f3 e5 7. Nb3 Be6 8. Be3
Nbd7 9. Qd2 b5 10. O-O-O Be7 11. g4 Nb6 12. Qf2 Nfd7 13. Nd5 Bxd5 14. exd5 O-O
{In this line black is slowing white's advance due to the control of d8-h4
diagonal. The knights are ready to start jumping into white's position.} (14...
Bg5 15. f4 exf4 16. Bxf4 Ne5 17. h4 Bxf4+ 18. Qxf4 Nbc4 19. Bxc4 bxc4 20. Nd4
c3 21. Nc6 Qb6 22. bxc3 O-O {1/2-1/2 Morper,P (1970)-Riedl,H (2085)/Bayern
1994 (41)}) (14... Rc8 15. f4 Nc4 16. Bxc4 bxc4 17. Nd2 Qa5 18. Nb1 Qxa2 19. f5
Rb8 20. c3 Nf6 21. Rhg1 Ne4 22. Qc2 Bg5 23. Bxg5 Nxg5 $17 {1-0 Vymazal,B (1932)
-Maly,F (1954)/Frymburk 2002 (56)}) (14... Nc4 15. Kb1 Nxe3 16. Qxe3 O-O 17.
Bd3 Qb6 18. Qe2 Rfe8 19. h4 b4 20. g5 Nf8 21. Rdg1 a5 22. Qe4 Ra7 23. h5 $11 {
1-0 Czarnota,P (2307)-Tomczak,R (2384)/Trzebinia 2002 (37)}) 15. h4 Nc4 16. Bd3
Ndb6 {Only one month later Naiditsch probably managed to improve on his idea
with 16...Nxe3.} (16... Nxe3 17. Qxe3 Qb6 18. Qxb6 Nxb6 19. Na5 Rac8 20. Be4 g6
21. Nc6 Bd8 22. g5 Nd7 23. c3 Kg7 24. Rhg1 f5 25. gxf6+ Nxf6 {0-1 Shabalov,A 
(2595)-Naiditsch,A (2657)/Moscow 2006 (51)}) 17. Kb1 Na4 18. Bc1 e4 $6 {
Very spirited, but probably not the most solid idea in the position.} (18...
Rc8 19. Bf5 Rc7 20. g5 $14) 19. Bxe4 (19. fxe4 Bf6 20. Nd4 Qb6 21. c3 Ncxb2 22.
Bxb2 b4 23. Bc2 Nxb2 24. Kxb2 bxc3+ 25. Kxc3 Rfc8+ 26. Kd3 Bxd4 27. Qxd4 Qb5+
28. Kd2 Qa5+ 29. Kd3 (29. Kc1 Rab8 $1 $19) 29... Qb5+ $11) 19... Bf6 20. c3 (
20. Nd4 $1 Qa5 21. g5 Be5 22. f4 Ncxb2 23. Bxb2 Qb4 24. c4 Nc3+ 25. Ka1 Nxe4
26. Qe3 bxc4 27. fxe5 c3 28. Bc1 Nd2 29. Rxd2 cxd2 30. Bxd2 $16) 20... b4 21.
Rd4 (21. cxb4 Bxb2 22. Bxb2 Naxb2 23. Rc1 Rb8 24. Rc2 Rxb4 25. Rxb2 a5 $1 $13)
21... Qb6 $2 (21... Bxd4 22. Qxd4 Qc7 23. h5 f6 (23... bxc3 24. h6 f5 25. Bxf5
$16) 24. cxb4 Rab8 $13) 22. cxb4 $6 {Both players have missed the original
tactical refutation starting with 22.Bxh7+!} (22. Bxh7+ $1 Kxh7 (22... Kh8 23.
Bd3 $16) 23. Qc2+ Kg8 24. Rxc4 Bxc3 25. bxc3 Nxc3+ 26. Rxc3 bxc3 27. h5 $16)
22... Bxd4 23. Qxd4 Qxb4 (23... Qxd4 24. Nxd4 Rfe8 25. Nc6 $16) 24. h5 f6 (
24... Rfb8 25. h6 Ne5 26. Qxb4 Rxb4 27. hxg7 Rab8 28. Rh2 (28. Bd2 Rxb3 29.
axb3 Rxb3 30. Rxh7 Rxb2+ 31. Kc1 Nc5 32. Kxb2 Nxe4 $14) 28... Kxg7 29. Rxh7+
Kg8 30. Rh6 $16) 25. Bd3 Rfc8 (25... Rac8 26. Qe4 Na3+ 27. bxa3 Nc3+ 28. Kb2
Nxe4 29. axb4 Nf2 30. Bxa6 Nxh1 31. Bxc8 Rxc8 32. Be3 Re8 33. Bf4 Nf2 34. Kc3
Nh3 35. Bxd6 Rd8 36. Bc5 Rxd5 37. a4 $18) 26. h6 (26. Qe4 Na3+ 27. Ka1 Qxe4 28.
Bxe4 Nb5 29. Be3 $16) 26... Rab8 (26... Na3+ 27. bxa3 Qxd4 28. Nxd4 Nc3+ 29.
Ka1 $18) 27. Qe4 $6 {[%mdl 64] The move itself is not bad, but once again much
stronger idea was 27.Bxh7! with mating attack.} (27. Bxh7+ $1 Kxh7 28. Qe4+ Kg8
(28... f5 29. hxg7+ Kxg7 30. Qe7+ Kg8 31. Qe6+ Kg7 32. Bh6+ Kh8 33. Bf8#) 29.
Qe6+ Kh7 30. hxg7+ Kxg7 31. Bh6+ Kg6 32. Qf5+ Kf7 33. Qd7+ Kg8 34. Qg7#) 27...
Na3+ 28. bxa3 Qxe4 (28... Nc3+ 29. Ka1 Nxe4 30. axb4 Nf2 31. Bxa6 Nxh1 32. Bxc8
Rxc8 33. hxg7 Kxg7 34. Bf4 $16) 29. fxe4 Nc5 30. Bc2 a5 31. Bb2 Na4 32. Bd4 (
32. Ba1 $5 Nc3+ 33. Kc1 Nxe4 34. Nxa5 $18) 32... Nc3+ 33. Bxc3 (33. Ka1 Nb5 34.
Bd3 a4 35. Bxb5 Rxb5 36. Nd2 Rc2 37. Rd1 Rb7 38. Nf1 $18) 33... Rxc3 34. a4 Rc4
35. hxg7 Rxa4 36. Ka1 {Almasi is enjoying better prospects, but the technical
phase can still be tortuos.} Rc8 37. Kb2 (37. Rh2 Kxg7 38. Nc5 $1 Rc4 39. Ne6+
Kg8 40. Bb1 Rb8 41. Rh1 $18) 37... Rb4 38. Bd1 (38. Bd3 Kxg7 39. Rh2 h6 40. a3
Rb6 41. Ka2 Rc3 42. Bc2 $18) 38... a4 39. Ka3 Rxe4 (39... axb3 40. Kxb4 b2 41.
Bc2 Rxc2 42. Rb1 Kxg7 43. a4 Re2 44. a5 Rxe4+ 45. Kb5 Re8 46. a6 Rb8+ 47. Kc6
Rb3 48. Kxd6 Rb6+ 49. Ke7 Rxa6 50. d6 $18) 40. Na5 $1 Rc1 41. Kb2 (41. Nc6 Kxg7
42. Kb2 Rc5 43. Rh5 $1 $16) 41... Rc5 42. Nc6 Kxg7 43. Rh5 $1 Rcc4 (43... h6
44. Nd8 Ra5 45. Ne6+ Kf7 46. Ka3 Rb5 47. Nd8+ Kg7 48. Rf5 $16) 44. Rh3 Rf4 (
44... Rc5 45. Rd3 Kg6 46. Rd2 $16) 45. Ka3 f5 $5 {Naiditsch complicates
matters as he refuses to be grinded down by white pieces.} (45... h6 46. Nd8
Rf2 47. Ne6+ Kh7 48. Rd3 $16) 46. gxf5 Rh4 (46... Rxf5 47. Bxa4 h5 (47... Rxd5
48. Bb3 Rdc5 49. Bxc4 Rxc4 50. Ne7 Rc5 51. Rf3 $18) 48. Bb3 $18) 47. Rg3+ (47.
Rxh4 Rxh4 48. Bxa4 h5 49. Bd1 Kf6 $16) 47... Kf6 48. Be2 Rc2 (48... Rcf4 49.
Bd3 Rh2 50. Re3 $18) 49. Re3 Rd2 (49... Kxf5 $2 50. Bd3+ Kf4 51. Re4+ $18) 50.
Bd3 h5 51. Re6+ Kf7 (51... Kg5 52. Bb1 Rxd5 53. Rg6+ Kf4 54. f6 Kf3 55. f7 Rf4
56. Nd8 Re5 57. Rg8 Re3+ 58. Kb2 a3+ 59. Kc1 $18) 52. Be4 Rg4 (52... Rhh2 53.
Kxa4 Rxa2+ 54. Kb3 $18) 53. f6 Kf8 54. Bf5 Rg3+ (54... Rg5 55. Ne7 Kf7 56. Be4
Rd4 57. Kb2 h4 58. Kc3 Rd1 59. Rxd6 $18) 55. Kxa4 Rxd5 56. Be4 (56. Ne7 $5 Rd4+
57. Kb5 Kf7 58. Kc6 Ra3 59. Ng8 $3 Rc4+ (59... Kxg8 60. Bg6 Ra8 61. Re8+ Rxe8
62. f7+ $18) 60. Kd5 Rc5+ 61. Kxd6 Raa5 62. Nh6+ Kf8 63. Be4 Ra6+ 64. Kxc5 Rxe6
65. Bd3 Rxf6 66. Nf5 $18) 56... Rd2 $2 {Black begins to slip in the position,
where he finally got a fair chance for real resistance.} (56... Rg4 $1 57. Ka3
(57. Kb3 Rb5+ 58. Ka3 Rc5 $14) 57... Rc5 58. Nd8 Rc3+ 59. Kb2 Rc8 60. Nb7 Rb8
$14) 57. a3 h4 58. Nd8 Rg4 $2 {The final mistake will be costly, since now the
white king will join other pieces preparing mating net.} (58... d5 $1 59. Bh1
$1 (59. Bb1 Rf2 60. Rd6 h3 $15) 59... Rg6 60. Kb5 Rf2 61. Bxd5 Rfxf6 62. Re2
$16) 59. Kb5 Rb2+ (59... d5 60. Bf5 Rg5 61. Re5 $18) 60. Kc6 Rb8 61. Kc7 Rb5
62. Kxd6 (62. f7 Re5 63. Bg6 Rf4 64. Kxd6 Rb5 65. Re8+ Kg7 66. Rg8+ Kh6 67. Ne6
$18) 62... h3 63. Bc6 (63. Bc6 Rd4+ 64. Kc7 Rxd8 65. Bxb5 $18) 1-0

[Event "Bundesliga 0506"]
[Site "Germany"]
[Date "2006.03.11"]
[Round "12.6"]
[White "Van den Doel, Erik"]
[Black "Babula, Vlastimil"]
[Result "1-0"]
[WhiteElo "2582"]
[BlackElo "2593"]
[Annotator "Ftacnik,L"]
[PlyCount "89"]
[EventDate "2005.10.21"]
[EventType "team-tourn"]
[EventRounds "15"]
[EventCountry "GER"]
[SourceTitle "CBM 112"]
[Source "ChessBase"]
[SourceDate "2006.06.07"]
[SourceVersion "1"]
[SourceVersionDate "2006.06.07"]
[SourceQuality "1"]
[WhiteTeam "Porz"]
[BlackTeam "Werder Bremen"]
[WhiteTeamCountry "GER"]
[BlackTeamCountry "GER"]

1. e4 c5 2. Nf3 d6 3. d4 cxd4 4. Nxd4 Nf6 5. Nc3 a6 6. Be3 e5 7. Nb3 Be6 8. Qd2
Be7 9. f3 O-O 10. O-O-O Nbd7 11. g4 b5 12. g5 b4 13. Ne2 Ne8 14. f4 a5 15. f5
a4 16. Nbd4 exd4 17. Nxd4 b3 18. Kb1 bxc2+ 19. Nxc2 Bb3 20. axb3 axb3 21. Na3
Ne5 22. h4 Ra5 23. Qb4 Qa8 24. Bb6 Ra4 25. Qxb3 d5 $6 $146 {[%mdl 4] Babula
must have missed 33rd white´s move in the preparation, otherwise his daring
idea would ahve been quite teenable.} (25... Qxe4+ 26. Nc2 {Najer,E-Popov,V/
Moscow Aeroflot op-A/2006/}) 26. Qxd5 Bxa3 (26... Qxd5 27. Rxd5 Rxe4 28. Nb5
$16) 27. bxa3 (27. Qxa8 $2 Rxa8 28. bxa3 Rb8 $19) 27... Qb8 28. Qb5 Rxe4 (28...
Ra8 29. Bc5 Nc7 30. Qxb8 Rfxb8+ 31. Ka2 $18) 29. Rd8 Re1+ (29... Nd6 30. Rxb8
Rxb8 31. Qd5 Rxb6+ 32. Ka2 Nd7 33. Bd3 $18) 30. Ka2 Nd6 (30... Qb7 $2 31. Rxe8
Qxh1 32. Rxf8+ Kxf8 33. Bc5+ Kg8 34. Qe8#) 31. Rxb8 Nxb5 32. Rxf8+ Kxf8 33. a4
$1 {Black is dominating the board with rook and two knights, but they will not
hold a candle to the white pieces once they will manage to cordinate properly.}
Nc3+ (33... Nd6 34. Bc5 Rd1 (34... Ke7 35. f6+ $1 gxf6 36. gxf6+ Ke6 37. Bh3+
$18) 35. a5 Rd5 36. Bxd6+ Rxd6 37. a6 $18) 34. Kb3 Ne4 (34... Nd1 35. Bc5+ Kg8
36. Bg2 Rxh1 37. Bxh1 $18) 35. Bg2 Re2 (35... Nd2+ 36. Kb4 Re2 37. Bd5 Nd3+ 38.
Kc3 Nf4 39. Bc5+ Ke8 40. Bc6+ Kd8 41. Bb6+ Kc8 42. Rd1 $18) 36. Bxe4 Rxe4 37.
a5 {White passed a pawn is extremely dangerous, stopping him is next to
impossible.} Nd7 (37... Nc4 38. Rc1 Nxb6 39. axb6 Re5 40. Ka4 $18) 38. Rd1 Ke7
(38... Ke8 39. Bd4 Nb8 40. Bxg7 Rxh4 41. Bf6 Nc6 42. Bc3 $18) 39. Bd4 Rxh4 (
39... f6 40. a6 Rxd4 41. Rxd4 Nc5+ 42. Kc4 Nxa6 43. Kd5 $18) 40. a6 Rxd4 $8 41.
Rxd4 Nc5+ 42. Kc4 Nxa6 43. Rh4 {Black has won a battle but Van den Doel the
war as the position is technically won.} Nc7 (43... h6 44. f6+ Kf8 45. gxh6
gxh6 46. Rxh6 Kg8 47. Kd5 $18) (43... f6 44. Rxh7 fxg5 45. Rxg7+ Kf6 46. Rg6+
Kxf5 47. Rxa6 $18) 44. Rxh7 Ne8 45. Kd5 (45. Kd5 f6 46. g6 Kd7 47. Ke4 Kd6 48.
Rh8 Ke7 49. Kf4 Nc7 50. Rg8 Ne8 51. Kf3 Kd7 52. Rf8 Ke7 53. Rf7+ Kd8 54. Ke2
Kc8 55. Kd3 Kd8 56. Kc3 $18) 1-0

[Event "EU-chT (Men) 12th"]
[Site "Batumi"]
[Date "1999.11.29"]
[Round "1.2"]
[White "Kobalia, Mihail"]
[Black "Gadjily, Raouf"]
[Result "1-0"]
[WhiteElo "2573"]
[BlackElo "2443"]
[Annotator "Ftacnik,L"]
[PlyCount "57"]
[EventDate "1999.11.06"]
[EventType "team-swiss"]
[EventRounds "9"]
[EventCountry "GEO"]
[SourceTitle "CBM 074"]
[Source "ChessBase"]
[SourceDate "2000.02.01"]
[SourceVersion "1"]
[SourceVersionDate "2000.02.01"]
[SourceQuality "1"]
[WhiteTeam "Russia"]
[BlackTeam "Azerbaijan"]
[WhiteTeamCountry "RUS"]
[BlackTeamCountry "AZE"]

1. e4 c5 2. Nf3 d6 3. d4 cxd4 4. Nxd4 Nf6 5. Nc3 a6 6. Be3 e5 7. Nb3 Be6 8. f3
Nbd7 9. g4 h6 10. Qd2 b5 11. O-O-O Nb6 12. Qf2 Nfd7 13. Kb1 Be7 14. h4 Qc7 15.
Nd5 Bxd5 16. exd5 Rb8 (16... Nc4 17. Bc1 (17. f4 Nf6 (17... a5 18. fxe5 dxe5
19. Nd2 Nxb2 20. Bd3 Nxd3 21. cxd3 Nf6 22. Ne4 Nxd5 {0-1 Adams,M-Gelfand,B/
Arnhem/1988/ (29)}) 18. Rg1 Rc8 19. Bxc4 bxc4 20. Nc1 Rb8 21. Ne2 Nxd5 22. Ba7
Rb5 23. a4 Rb7 24. Rxd5 Rxa7 25. Nc3 Rb7 26. fxe5 dxe5 27. Kc1 {1-0 Vorobiov,
E-Pigusov,E/Maikop/1998/ (57)}) 17... Qb6 (17... O-O 18. Bd3 a5 19. Nd2 Ndb6
20. g5 h5 21. Qe2 Nxd2+ 22. Rxd2 Nc4 23. Rdd1 g6 24. a4 Rfc8 25. axb5 a4 26.
Bxc4 Qxc4 27. Qxc4 Rxc4 28. Rhe1 f5 29. gxf6 Bxf6 30. f4 {1-0 Blehm,P-Fojudzki,
M/Rowy/1998/ (78)}) (17... a5 18. Bd3 a4 (18... Qa7 {1/2-1/2 Lukin,A-Bigaliev,
R/St Petersburg/1995/ (18)}) 19. Nd2 Rb8 $6 (19... Ndb6 $5 20. Ne4 $1 Nxd5 21.
Bxc4 Qxc4 22. Qd2 Nb4 23. b3 axb3 24. cxb3 Qc6 $1 (24... Qd4 25. Qxd4 exd4 26.
Rxd4 $16) 25. Qxb4 d5 26. Qc3 Qa6 27. Rd2 dxe4 28. Qxe5 $13) 20. Ne4 b4 21. Qe2
Rc8 22. g5 $16 {Svidler,P-Savchenko,S/Russia/1998/ (22)}) (17... Ndb6 18. Bd3
Rb8 19. f4 a5 20. fxe5 dxe5 21. Rhf1 Bd6 22. g5 h5 23. g6 f6 {1/2-1/2 Pupo,
E-Rodriguez,A/CUB/1995/ (50)}) 18. Qe1 (18. Qxb6 Ncxb6 $14) 18... a5 19. a3 (
19. Na1 Qc5 20. Bd3 b4 21. Qe4 Ncb6 22. Be3 Qc7 23. Bb5 O-O 24. g5 h5 25. f4
exf4 26. Bxb6 Nxb6 27. Bc6 Rab8 {1/2-1/2 Jenni,F-Aronian,L/Yerevan/1999/ (65)})
(19. Bxc4 bxc4 20. Nd2 Rc8 (20... c3 21. Nc4 Qb4 22. b3 a4 23. Ba3 $140 Qb5 24.
Bxd6 $2 axb3 25. cxb3 Qa6 $19) 21. Ne4 h5 22. g5 O-O 23. Bd2 Rb8 24. Bc3 Qb7 {
0-1 Van den Doel,E-Van Wely,L/Antwerp/1998/ (69)}) (19. f4 a4 20. Na1 $1 Rc8
21. a3 $6 (21. c3 a3 22. b3 Nb2 23. Bxb2 axb2 24. Nc2 exf4 25. Nd4 b4 $1 26.
Bb5 $1 bxc3 27. Bc6 Qc5 28. Rh3 $16) 21... exf4 22. Bxf4 Nde5 23. Be2 $1 O-O
24. g5 {1/2-1/2 Bologan,V-Akopian,V/Elista (m/1)/1998/ (46)}) 19... a4 20. Na1
Nc5 21. c3 f5 22. Nc2 f4 23. Nb4 O-O 24. g5 h5 25. Nd3 Nb3 26. Qe4 Nxc1 27. Bh3
Qe3 28. Qg6 Qxf3 29. Nxc1 Ne3 30. Be6+ Kh8 31. Rdf1 Nxf1 32. Rxf1 {1-0 Luther,
T-Petrosian,A/Schwerin/1999/ (32)}) (16... Na4 17. Bd3 Ndb6 {1/2-1/2 Feher,
G-Kuczynski,R/Cappelle la Grande/ 1992/ (17)}) 17. f4 Nf6 18. Qg2 $1 {The
queen fullfils excellent functions on g2 since it covers c2, d5 and g4 squares.
Very soon black will regret giving up the of the Be6.} h5 (18... Nc4 19. Bc1
Rc8 20. Bd3 $14) (18... e4 19. Bxb6 Qxb6 20. g5 Nh5 21. f5 $16) 19. gxh5 Nxh5 (
19... exf4 20. Bxb6 Qxb6 21. Qxg7 Rh7 22. Qg2 $16) 20. fxe5 dxe5 21. Na5 $1 Bd6
(21... Rc8 22. Bxb6 Qxb6 23. Nc6 Bd6 24. Qg5 $16) (21... Nxd5 22. Qxd5 Qxa5 23.
Bc4 $1 (23. Qxe5 Rc8 24. Bh3 Qc7 25. Qf5 Rd8 $14) 23... O-O 24. Qxe5 $16) 22.
Nc6 Rb7 (22... Rc8 23. Be2 g6 24. Rhf1 $16) 23. Be2 g6 (23... Nc4 24. Bg5 g6
25. Rhe1 $16) 24. Nxe5 $1 {Black pieces are so badly ccordinated, that the
proper tactical blow must send his position into spin.} Bxe5 25. d6 Bxd6 (25...
Qb8 26. Bxb6 Rxb6 27. Qe4 O-O (27... f6 28. Qxg6+ Kd8 29. Bxh5 Rxd6 30. Qg7
Rxh5 31. Qf8+ Kd7 32. Qf7+ $18) 28. Qxe5 Re8 29. Qg5 Ng3 30. Qxg3 Rxe2 31. h5
$18) (25... Qd7 26. Qe4 O-O 27. Qxe5 $18) 26. Rxd6 Nc4 (26... Qxd6 27. Qxb7 Nd5
28. Rd1 Nhf6 29. Bf3 $18) 27. Rc6 Qb8 (27... Nxe3 28. Qe4+ (28. Rxc7 Nxg2 29.
Rxb7 $18) 28... Qe7 29. Rc8+ Kd7 30. Qc6#) 28. Bxc4 bxc4 29. Bc5 $1 {White
attacking triumph finishes with a precise idea.} (29. Bc5 $1 Rxb2+ 30. Ka1 $18)
1-0

[Event "VAM Hoogeveen 3rd"]
[Site "Hoogeveen"]
[Date "1999.10.19"]
[Round "3"]
[White "Polgar, Judit"]
[Black "Sadvakasov, Darmen"]
[Result "1-0"]
[WhiteElo "2671"]
[BlackElo "2468"]
[Annotator "Ftacnik,L"]
[PlyCount "107"]
[EventDate "1999.10.15"]
[EventType "tourn"]
[EventRounds "6"]
[EventCountry "NED"]
[EventCategory "15"]
[SourceTitle "CBM 074"]
[Source "ChessBase"]
[SourceDate "2000.02.01"]
[SourceVersion "1"]
[SourceVersionDate "2000.02.01"]
[SourceQuality "1"]

1. e4 {Hecht} c5 2. Nf3 d6 3. d4 cxd4 4. Nxd4 Nf6 5. Nc3 a6 6. Be3 e5 7. Nb3
Be6 8. f3 h5 9. Qd2 Nbd7 10. a4 Be7 11. Be2 Rc8 12. O-O Nb6 {Black comes up
with a very ambitious plan of achieving d6-d5 push.} 13. Rfd1 d5 (13... Nc4 14.
Bxc4 Bxc4 15. a5 O-O 16. Bg5 $14) 14. a5 (14. exd5 Nbxd5 15. Nxd5 Nxd5 $11)
14... d4 (14... Nc4 15. Bxc4 dxc4 16. Qxd8+ Rxd8 17. Nc5 Bc8 18. Ra4 $1 $16)
15. axb6 Bxb3 (15... Qxb6 16. Nxd4 (16. Na4 Qc7 17. Bf2 b5 $14) 16... exd4 17.
Bxd4 $16) 16. cxb3 dxe3 (16... dxc3 $2 17. Qc2 Nd7 18. Ra5 $1 $18) 17. Qxd8+
Bxd8 $6 (17... Rxd8 $5 18. Ra5 (18. Kf1 Rh6 $13) 18... Rd2 19. Rxe5 Rxb2 20.
Bxa6 Rxb3 21. Bb5+ Kf8 22. Ra1 g6 $13) 18. Ra5 Nd7 (18... Bxb6 $5 19. Rxe5+ Kf8
20. Kf1 Rh6 21. Nd5 Nxd5 22. Rexd5 Rc7 23. Bc4 $14) 19. Rad5 Nxb6 (19... Nc5
20. Rxe5+ (20. b4 Ne6 21. Rd7 Rb8 $11) 20... Ne6 21. Nd5 Rc2 22. Bxa6 e2 23.
Re1 Bxb6+ 24. Nxb6 bxa6 25. Kf2 Rxb2 26. Ra1 $16) 20. Rxe5+ Kf8 21. Rc5 $1 {
Polgar uses very smart tactics in the fight for an advantage despite an
intruder on e3.} Ke8 (21... Rxc5 $2 22. Rxd8+ Ke7 23. Rxh8 $18) (21... Rb8 $5
22. f4 g6 23. Nd5 (23. Kf1 Be7 24. Rc7 Bd8 25. Rxb7 Rxb7 26. Rxd8+ Kg7 27. Rxh8
Kxh8 28. Bxa6 Rd7 $13) 23... Nxd5 24. Rcxd5 Kg7 25. Rd7 Re8 26. e5 $14) 22.
Rxc8 Nxc8 23. Nd5 Ne7 (23... Rh6 24. Nxe3 Bb6 25. Kf2 Rd6 26. f4 Rxd1 27. Bxd1
Nd6 28. Kf3 $16) 24. Nxe3 Bb6 25. Rd3 $1 (25. Kf2 $6 f5 $1 26. g3 h4 27. Rd3
hxg3+ 28. hxg3 Rh2+ 29. Ke1 $14) 25... Ng6 (25... f5 26. Kf1 fxe4 27. fxe4 Rf8+
28. Ke1 $16) 26. Kf1 Nf4 27. Rc3 Nxe2 (27... Kd7 28. g3 $16) (27... Bd4 28.
Rc8+ $18) 28. Kxe2 Kd7 29. Rd3+ Kc6 (29... Ke6 30. Nf5 Bc7 31. Nxg7+ Kf6 32.
Nf5 Bxh2 33. g3 $18) 30. Nf5 {Savadkasov has lost his case, white is pawn up
and her only difficulty is the doubled pawn on the b file.} Bc5 (30... g6 31.
Ne7+ Kb5 32. Rd7 Rb8 33. Nd5 f5 34. exf5 gxf5 35. Nxb6 Kxb6 36. Rh7 $18) 31.
Rd5 (31. Nxg7 $2 Rg8 32. Nxh5 Rxg2+ 33. Kd1 Rxh2 $11) 31... g6 (31... b5 32.
Kd3 $16) 32. Nd4+ Bxd4 (32... Kb6 33. Kd3 Rc8 34. Rd7 $16) 33. Rxd4 {[%mdl
4096] The rook endgame will become very instructive.} a5 (33... f6 34. Ke3 h4
35. f4 $16) 34. Ke3 Kc5 35. e5 (35. Rc4+ Kd6 36. Kd4 $16) 35... Re8 36. f4 Re6
(36... f6 37. Ke4 b5 38. Rd6 $18) 37. Ke4 b5 38. g3 (38. h3 $6 h4 $1) 38... Re7
39. h3 Re8 40. Rd7 (40. g4 $6 f5+ $1 41. gxf5 gxf5+ 42. Ke3 Rg8 $132) 40... Kb4
(40... f5+ 41. Kd3 Kb4 42. Rd5 $1 $18) 41. Rxf7 Kxb3 42. g4 hxg4 43. hxg4 {
Hecht: '[#] Es ist ein Freibauernrennen entstanden, bei dem Weiß offenbar
schneller ist.'} Rb8 (43... Kxb2 44. Rb7 b4 45. Ra7 (45. f5 {Hecht} gxf5+ 46.
gxf5 Kb3 47. f6 a4 48. f7 Ra8 49. e6 a3 50. Rxb4+ Kxb4 51. e7 a2 52. f8=Q a1=Q
53. e8=Q+ $18 {Es gibt sicher andere profane Gewinnwege, z.B. 45.Ta7 statt 45.
f5.}) 45... b3 46. Rxa5 Kc2 47. Rc5+ Kd2 48. Rb5 Kc2 49. f5 $18) 44. e6 {
Both parties are marching with pawns, but white ones are already much further.}
Kxb2 45. e7 Re8 (45... a4 46. Rf8 $18) 46. f5 gxf5+ 47. gxf5 a4 48. f6 a3 49.
Rh7 $1 (49. Rf8 $2 a2 50. Rxe8 a1=Q 51. Rf8 Qe1+ 52. Kd5 Qd2+ 53. Kc6 Qc3+ $13)
49... a2 50. Rh2+ Ka3 (50... Kb1 51. Kd5 a1=Q 52. Rh1+ Ka2 53. Rxa1+ Kxa1 54.
Ke6 $18) 51. Rh1 Kb2 52. Kd5 a1=Q 53. Rxa1 Kxa1 54. Ke6 (54. Ke6 b4 55. f7
Rxe7+ 56. Kxe7 b3 57. f8=Q b2 58. Qa8+ Kb1 59. Kd6 Kc1 60. Qa3 Kc2 61. Qa2 Kc1
62. Qc4+ $18) (54. f7 Rxe7 55. f8=Q $18) 1-0

[Event "Prerov Friendship GM"]
[Site "Prerov"]
[Date "2001.12.06"]
[Round "3"]
[White "Stocek, Jiri"]
[Black "Neverov, Valeriy"]
[Result "1-0"]
[WhiteElo "2518"]
[BlackElo "2569"]
[Annotator "Ftacnik,L"]
[PlyCount "81"]
[EventDate "2001.12.04"]
[EventType "tourn"]
[EventRounds "11"]
[EventCountry "CZE"]
[EventCategory "9"]
[SourceTitle "CBM 087"]
[Source "ChessBase"]
[SourceDate "2002.03.21"]
[SourceVersion "1"]
[SourceVersionDate "2002.03.21"]
[SourceQuality "1"]

1. e4 c5 2. Nf3 d6 3. d4 cxd4 4. Nxd4 Nf6 5. Nc3 a6 6. Be3 e5 7. Nb3 Be6 8. f3
Nbd7 9. g4 h6 10. Qd2 b5 11. a4 (11. O-O-O Nb6) 11... b4 12. Nd5 Bxd5 13. exd5
Nb6 14. Bxb6 Qxb6 15. O-O-O (15. a5 Qb7 16. O-O-O Be7 17. h4 Nd7 18. Kb1 g5 19.
hxg5 Bxg5 20. Qd3 Ke7 21. Re1 Kf8 22. Qf5 Rc8 23. Bxa6 Qxa6 24. Qxd7 {1-0
Hjartarson,J-Haces,R/Thessaloniki/1984/ (54)}) 15... Be7 16. h4 Nd7 17. Kb1 g5
$6 {This radical defensive approach leaves white squares dangerously exposed.}
(17... Nc5 $1 18. Nxc5 Qxc5 19. Bd3 g6 $11) 18. Bd3 (18. hxg5 Bxg5 19. Qe1 Rb8
$13) 18... gxh4 (18... Nc5 $2 19. hxg5 Bxg5 20. Qxg5 hxg5 21. Rxh8+ Ke7 22.
Rxa8 $18) (18... Rg8 19. Bh7 Rg7 20. Bf5 Nc5 21. a5 $5 Nxb3 (21... Qb5 22. Qe3
Nxb3 23. cxb3 Qxa5 24. Rc1 $36) 22. cxb3 Qxa5 23. Rc1 $36) 19. f4 exf4 20. Rde1
$1 {This pointed move reveals, that black will face an uphill struggle for
equality.} (20. Qxf4 Bg5 21. Rde1+ Kf8 22. Qf5 Ne5 $13) 20... f3 (20... Ne5 21.
Qxf4 Rd8 (21... Bg5 $2 22. Rxe5+ Kf8 23. Rxg5 $18) (21... Nxd3 $2 22. Qf6 Nxe1
23. Qxh8+ (23. Rxe1 $2 O-O 24. Rxe7 Qg1+ 25. Ka2 Qxg4 $19) 23... Bf8 24. Rxe1+
Kd7 25. Qf6 $14) 22. Re4 $13) 21. Rxh4 Ne5 (21... f2 22. Re4 Ne5 23. Rh2 Rg8
$13) 22. Rxh6 Rxh6 23. Qxh6 Nxd3 (23... Qf2 $2 24. Rxe5 dxe5 25. Qc6+ $18) (
23... Rc8 24. Rxe5 $1 Qg1+ 25. Nc1 dxe5 26. Qh8+ Bf8 27. Qxe5+ Kd8 28. Bxa6 $18
) 24. cxd3 f2 (24... Qf2 25. Re3 $1 Ra7 26. Qh8+ Kd7 27. Qd4 Qf1+ 28. Ka2 Rc7
29. Qe4 $18) 25. Rc1 Qb7 26. Qh8+ Bf8 (26... Kd7 27. Qh5 $14) 27. Qd4 Qa7 28.
Qf4 Bg7 $1 29. Rc2 $2 {Stocek is leaving promotion square of the f2 pawn
guarded only by white queen to his own peril.} (29. Rf1 Qb7 30. Qf5 Be5 $14)
29... Qb7 $1 30. Re2+ Be5 31. Qf3 (31. d4 Qxd5 32. Ka2 Qc6 33. dxe5 Qxa4+ 34.
Kb1 Qxb3 35. exd6+ Kf8 36. Qh6+ Kg8 $11) 31... f1=Q+ (31... Qxd5 32. Qxd5 f1=Q+
33. Nc1 (33. Ka2 Qxe2 34. Qxa8+ Ke7 35. d4 Bg3 36. Qb7+ Kf6 37. Qxb4 Kg5 $14)
33... Rc8 34. Rxe5+ dxe5 35. Qxe5+ Kd7 36. Qd5+ Kc7 37. Qc5+ Kb7 38. Qxb4+ $11)
32. Qxf1 Qxd5 33. d4 Qxb3 34. dxe5 dxe5 $2 {[%mdl 256] This move looks like a
reckless decision. Neverov was probably finding it hard to believe, that white
could succed despite active queen on b3.} (34... Qd3+ 35. Ka1 O-O-O $11) 35.
Rxe5+ Kf8 36. Qh1 Kg7 (36... Qd3+ 37. Ka1 Kg7 38. Rg5+ Kf6 (38... Kf8 39. Qxa8+
$18) 39. Qh6+ Ke7 40. Re5+ Kd7 41. Qh1 Kd6 42. Re1 $18 Qc2 43. Rd1+ Ke6 (43...
Ke7 44. Qb7+ Kf6 45. Rf1+ $18) 44. Qd5+ $18) 37. Rg5+ Kf6 38. Qh6+ Ke7 39. Re5+
Kd7 40. Qd2+ Kc6 41. Qd4 1-0